000 00253nam a2200109Ia 4500
008 220204s9999 xx 000 0 und d
082 _a82-3
_bNEF
100 _aNefzaoui, S
245 0 _aPerfumed garden
260 _aNew Delhi
_bArnold
_c1977
942 _cBK
999 _c32279
_d32279